Years Of When Things Happened: Click Quiz - Statistics

General Stats
  • This quiz has been taken 125 times
  • The average score is 12 of 15
Answer Stats
Hint Answer % Correct
This Quiz Was Made 😂 2022
93%
The City Of Rome 753 B.C
90%
The Coranavirus Disease 2019
89%
The Start Of World War II 1939
88%
The Independence Of The USA 1783
85%
The "Discovery" Of America (Columbus) 1492
84%
The Norman Invasion Of England 1066
83%
The Tiananmen Square Massacre 1989
81%
The California Gold Rush 1848
75%
The Burj Khalifa 2009
75%
The Fall Of The Western Roman Empire 476
75%
The Empire State Building 1931
74%
Independence Of India 1947
74%
The First Modern Olympics 1896
70%
The Finished Construction Of The Eiffel Tower 1889
65%
No matching quizzes found
Score Distribution
Percent of People with Each Score
Percentile by Number Answered
Your Score History
You have not taken this quiz